000 00536nam a2200181Ia 4500
008 090124s9999 xx 000 0 und d
082 _b104529
100 _aगाडगीळ अमरेंद्र.
245 _a ताई आणि भाऊ
250 _a1
260 _c1954
300 _a88
600 _aगाडगीळ अमरेंद्र.
630 _a ताई आणि भाऊ
700 _aगाडगीळ अमरेंद्र.
730 _a ताई आणि भाऊ
942 _cBOOK
999 _c150621
_d150621